000 00940cam a2200313Ma 4500
001 ocn773368340
003 OCoLC
005 20241015065917.0
008 120111s2011 enk 000 0 eng d
016 7 _a015996938
_2Uk
020 _a9781408269800 (pbk)
020 _a1408269805
035 _a(OCoLC)773368340
040 _aNLE
_cNLE
_dUKMGB
_dOCLCQ
_dMEAUC
049 _aMAIN
050 4 _aQA276.12
_b.B45 2011
082 _2519.5 B45 2011
090 _aQA276.12
_b.B45 2011
100 1 _aBenghezal, Farouk.
245 1 0 _aStatistics for business /
_cFarouk Benghezal.
250 _aArab world ed.
260 _aHarlow, England :
_bPearson Educational,
_c2011.
300 _axv, 679, [72] p. :
_bcol. ill. ;
_c28 cm.
_e1 CD-ROM.
504 _aIncludes bibliographical references and index.
650 0 _aStatistics.
650 0 _aCommercial statistics.
650 0 _aEconomics
_xStatistical medthods.
942 _2ddc
_cBK-EN
_n0
999 _c7168
_d7168